000 00683nam a2200265Ia 4500
003 OSt
005 20220927104925.0
006 a|||||r|||| 00| 0
007 ta
008 220926b |||||||| |||| 00| 0 eng d
020 _a0 7069 0353 6
024 _a55474
037 _cReference Collections
040 _aRTL
_cRTL
_beng
041 _2eng
_aeng
082 _a"X:328, L5"
100 _aHasan Zubair
_9368448
245 0 _aTheory of Profit
260 _aDelhi
_bVikas
_c1975
300 _a182p
_ccm.
500 _aBibliography:p173-77
650 _aProfit
_9351869
942 _h"X:328, L5"
_cCC
999 _c689445
_d689445